El Kichwa en la academia: ¿Descolonización lingüística? (Registro nro. 2026)

Detalles MARC
000 -LEADER
fixed length control field 01206nam a22002177a 4500
003 - CONTROL NUMBER IDENTIFIER
control field OSt
005 - DATE AND TIME OF LATEST TRANSACTION
control field 20260428093716.0
008 - FIXED-LENGTH DATA ELEMENTS--GENERAL INFORMATION
fixed length control field 260325b |||||||| |||| 00| 0 eng d
020 ## - INTERNATIONAL STANDARD BOOK NUMBER
International Standard Book Number 9789942935823
082 ## - DEWEY DECIMAL CLASSIFICATION NUMBER
Edition number 9789942935823
100 ## - MAIN ENTRY--PERSONAL NAME
Personal name Juan Illicachi Guzñay, Amparo Lilián Cazorla Basantes, Ruth Tatiana Fonseca Morales y Gerardo Miguel Nieves Loja.
245 ## - TITLE STATEMENT
Title El Kichwa en la academia: ¿Descolonización lingüística?
250 ## - EDITION STATEMENT
Edition statement 1ra edición
260 ## - PUBLICATION, DISTRIBUTION, ETC.
Place of publication, distribution, etc. Ecuador
Name of publisher, distributor, etc. Henry Patricio Moscoso Carrillo
Date of publication, distribution, etc. 2019
300 ## - PHYSICAL DESCRIPTION
Extent 185 pag
Other physical details El contenido no es solo texto; incluye gráficos e ilustraciones
Dimensions 14.8 cm x 21 cm
490 ## - SERIES STATEMENT
Materials specified cartulina de alto gramaje
520 ## - SUMMARY, ETC.
Summary, etc. El libro El Kichwa en la academia: ¿Descolonización lingüística? (2019) analiza la tensa relación entre los saberes ancestrales y el sistema universitario formal en Ecuador. A través de un enfoque sociológico y educativo, los autores cuestionan si la inclusión del kichwa en las aulas es un paso real hacia la justicia social o simplemente una formalidad institucional.
650 ## - SUBJECT ADDED ENTRY--TOPICAL TERM
Topical term or geographic name entry element Educación intercultural
General subdivision Sociolingüística
Chronological subdivision Descolonización
700 ## - ADDED ENTRY--PERSONAL NAME
Personal name Illicachi Guzñay, Juan
942 ## - ADDED ENTRY ELEMENTS (KOHA)
Source of classification or shelving scheme Dewey Decimal Classification
Koha item type Libros
Suppress in OPAC No
Existencias
Withdrawn status Lost status Source of classification or shelving scheme Damaged status Not for loan Collection Home library Current library Shelving location Date acquired Source of acquisition Coded location qualifier Inventory number Total checkouts Full call number Barcode Date last seen Date last checked out Copy number Price effective from Koha item type
    Dewey Decimal Classification     Estantería F Fila 2 Biblioteca Stanford Biblioteca Stanford Biblioteca Abierta 25.03.2026 LECTURA 0454 0454 1 0454 BIBLIO0454 01.04.2026 01.04.2026 1 25.03.2026 Libros
Bienvenido a nuestra Biblioteca